Vista normal
Vista MARC
Entrada Personal Name
Número de registros utilizados en: 1
001 - CONTROL NUMBER
- control field: 16677
003 - CONTROL NUMBER IDENTIFIER
- control field: ISNI
005 - DATE AND TIME OF LATEST TRANSACTION
- control field: 20250127162731.0
008 - FIXED-LENGTH DATA ELEMENTS
- fixed length control field: 250127|| aca||aabn | a|a d
035 ## - SYSTEM CONTROL NUMBER
- System control number: (ISNI)0000000059300172
035 ## - SYSTEM CONTROL NUMBER
- System control number: (OCoLC)0000000059300172
040 ## - CATALOGING SOURCE
- Original cataloging agency: Mx-PuUPA
- Language of cataloging: spa
- Transcribing agency: Mx-PuUPA
- Modifying agency: Mx-PuUPA
- Description conventions: rda
046 ## - SPECIAL CODED DATES
- Birth date: 1910
- Death date: 2008
100 1# - HEADING--PERSONAL NAME
- Personal name: Moriones, Francisco,
- Dates associated with a name: 1910-2008
370 ## - ASSOCIATED PLACE
- Place of birth: Caseda, Navarra
- Place of death: Suffern, Nueva York
374 ## - OCCUPATION
- Occupation: Autor
- Occupation: Profesor de Filosofía y Teología
375 ## - GENDER
- Gender: hombre
400 1# - SEE FROM TRACING--PERSONAL NAME
- Personal name: Moriones Benedit, Francisco
- Dates associated with a name: 1910-2008
400 1# - SEE FROM TRACING--PERSONAL NAME
- Personal name: Benedit, Francisco Moriones
- Dates associated with a name: 1910-2008
670 ## - SOURCE DATA FOUND
- Source citation: Teología de San Agustín, 2018:
- Information found: t.p. ( Francisco Moriones) portada